Guardians of the Galaxy Movie Characters - Statistics

General Stats
  • This quiz has been taken 42 times
  • The average score is 15 of 29
Answer Stats
Hint Answer % Correct
Tree companion of the above Groot
100%
"I'M NOT A RACCOON!!!" Rocket Raccoon
100%
Leader of the guardians whose real name is Peter Quill Star-Lord
100%
Green daughter of Thanos Gamora
97%
Blue daughter of Thanos Nebula
97%
_____ the Destroyer Drax
95%
Blue ravager who controls a yaka arrow by whistling Yondu
89%
An empathic bug Mantis
86%
Purple titan who is the father of Nebula and Gamora Thanos
81%
Main villain in the second movie who is also Peter's dad Ego Quill
73%
Main villain in the first movie Ronan the Accuser
70%
Warlock first appearing in the third movie Adam Warlock
68%
"He called me a bad dog!" Cosmo
68%
Ravager who helps the above escape from a prison Kraglin
49%
"MY NAME IS NOT FUNNY!" Taserface
41%
Bionic rabbit in the third movie and friend of Rocket's Floor
35%
Main villain in the third movie and killed the three above High Evolutionary
32%
Peter's mom who died at the beginning of the first movie Meredith Quill
32%
Yellow Queen in the second movie who tries to kill the guardians/the above's mom Ayesha
30%
Peter's grandpa and the above's mom Jason Quill
27%
Bionic walrus in the third movie and friend of Rocket's Teefs
27%
Scientist in the first movie who gives the guardians information about the power stone named Taneleer Tivan Collector
24%
Bionic otter in the third movie and friend of Rocket's Lylla
22%
The above's main henchman Korath the Pursuer
16%
Weird-looking pet in the third movie that Adam Warlock loves Blurp
14%
Pink woman in the third movie who Peter flirts with Ura
14%
Nova Corps agent who dies trying to help the guardians stop Ronan's ship Denarian Saal
8%
Sidekick of the above who Star-lord and Groot kill because of a piece they needed inside of his head Theel
5%
Other sidekick of the main villain of the third movie who starts a revolution against him Vim
5%
No matching quizzes found
Score Distribution
Percent of People with Each Score
Percentile by Number Answered
Your Score History
You have not taken this quiz